000 01399nam a2200229Ia 4500
003 Ost
005 20260507075646.0
008 260507s9999||||xx |||||||||||||| ||und||
040 _cfsecg
041 _aara
082 _a658
100 _eمؤلف
245 0 _aالإدارة الإستراتيجية لمعاهدة الإدارة :
_bأوراق ووقائع ندوة الإدارة الإستراتيجية لمعاهدة الإدارة /
260 _aالقاهرة:
_bالمنظمة العربية للتنمية الإدارية,
_c1999
300 _a217 صفحة؛
_bإيضاحات ؛
_c26 سم
490 _aسلسلة ندوات ومؤتمرات
_v11
520 _aتأثير المتغيرات البيئية على التدريب الإداري- تطبيق تحليل SWOT- على معاهدة التدريب- صياغة الخطط الإستراتيجية وبرامج تحسين الجودة- التخطيط الإستراتيجي في نماذج مختلفة لمعاهدة التدريب- مقومات التنفيذ الفعال للإستراتيجية ودور الرقابة والتقويم في تنفيذ الخطط الإستراتيجية- خبرات ورؤى إضافية- ورشة عمل مشروعات جماعية.
653 _aالإدارة
653 _aالإدارة الإستراتيجية
653 _aالإدارة العامة
942 _cكتاب
999 _c45494
_d45494